MDQL
is popping MORE tags! Check the
thread
!
Quizzes
Events
Quiz Creation
Community
Videos
Private Events
Remove Ads
Sign In
Join for FREE
Feedback
Dark Mode
Quiz Categories
Sports
Geography
Music
Movies
Television
Just For Fun
Miscellaneous
History
Literature
Language
Science
Gaming
Entertainment
Religion
Holiday
For Kids
Quiz Lab
Recent
Popular Today
Quiz Kudos Today
Editor Picks
Curator Picks
Quizzes by...
Day
Popularity
Type
Ratings
Length
Year
Community
Subscriptions
Recent Discussions
Orange Saloon
Badges
Playlists
Quests
Create
Leaderboards
Showdown
Live 5
Trivia Bingo
Activity
Puzzle Library
Sporcle Events
Private Events
Virtual Trivia
Globe League
Become a Host
Pub Owners
SporcleCon
Opinionation
Our Games
Videos
Blog
Mobile Apps
Partnerships
Remove Ads and Go Orange
Feedback
Literature
Harry Potter
A Song of Ice and Fire
The Hunger Games
Literary Character
Shakespeare
Book
Author
Novel
Poem
Young Adult
Children's Books
Play
Lord of the Rings
Literature
Harry Potter
A Song of Ice and Fire
The Hunger Games
Literary Character
Shakespeare
Book
Author
Novel
Poem
Young Adult
Children's Books
Play
Lord of the Rings
Random Quiz
Search Sporcle
×
Quiz Lab
Quiz Lab
Literature
Harry Potter
Type in answers that appear in a list
Type in answers that appear in a list
Classic
Best Score? Go Orange.
Harry Potter And The Prisoner Of Azkaban Ultimate Quiz Stats
Can you name the Harry Potter And The Prisoner Of Azkaban Ultimate Quiz?
By
liarose2711
10m
13 Questions
122 Plays
122 Plays
122 Plays
Comments
Comments
Give Quiz Kudos
Give Quiz Kudos
-
- Ratings
hide this ad
Replay
Link that replays current quiz
Next Quiz
Link to next quiz in quiz playlist
You Got
0%
They Got
Avg Score
44%
Avg Friend Score
Upgrade to see
Score Distribution
Jump to the score distribution portion of the page
Score
0/13
Timer
10:00
0
Plays Today
Hint
Answer
% Correct
Which international Quidditch team bought 7 Firebolts?
Ireland
72.1%
What is Seamus' boggart?
A Banshee
71.3%
What type of cat is Crookshanks?
A Kneazle
63.9%
What item talked in Harry room in the Leaky Cauldron?
The Mirror
63.1%
Where was Harry when he first saw Sirius?
Magnolia Crescent
50.8%
What is the name of Aunt Marge's next door neighbour, who takes care of her dogs when she is away?
Colonel Fubster
45.1%
What spell does Professor Lupin use to get chewing gum out of the lock and into Peeves' nostril?
Waddiwasi
41.8%
What is Sirius' Gringotts's vault number?
711
38.5%
What broomstick did Madam Hooch used to have?
A Silver Arrow
35.2%
How much was it for Harry to get to London on the Knight Bus?
11 Sickles
34.4%
By how many points did Gryffindor beat Slytherin in the Quidditch final?
210
30.3%
Where did Madam Marsh get off on the Knight Bus?
Abergavenny
19.7%
St Brutus' School for Criminally Insecure Boys
5.7%
Quiz Playlist
Details
Report
Send in Message
Add To Playlist
Classic:
Type in answers that appear in a list
Last Updated: Feb 16, 2017
Quiz Scoreboard
CHALLENGE
Sign Up to Join the Scoreboard
Show All
Scores
Hide
Comments
May contain spoilers
Recently Published
Find the 'City' Movie
by crazypaving
Movies
60s
5x2 Blitz: Bands
by SL_Kpop136
Music
30s
Colored Red Africa Blitz
by spor1
Geography
30s
More to Explore
Quiz From the Vault
Featured Blog Post
14 Easter Pick-up Lines to Find Eggs With
hide this ad
You Might Also Like...
Tags
Harry Potter Quiz
Azkaban
Prisoner
ultimate
Today's Top Quizzes in Literature
Browse Literature
hide this ad
Today's Top Quizzes in Harry Potter
Browse Harry Potter
Top Contributed Quizzes in Literature
1
Sneaky Slytherin Logic Puzzle
2
Harry Potter Slytherin Logic Puzzle
3
Get The Picture: Black or White Literature
4
A Song of Ice and Fire Logic Puzzle
5
Logic Puzzle: Avoid Dumbledore's Army
6
Mini Trivia Sudoku: A Song of Ice and Fire
7
'Middle' Earth
8
Quick Pick: Easter in Book Titles
9
Books By Opening Lines IV
10
The Hunger Games Logic Puzzle: Find Katniss
Explore More
Trending Topics
NBA
Crossword
Harry Potter
Marvel
Disney
Kpop
Anime
Soccer
The Office
Song
Puzzle
WWE
Pokémon
Country
NFL
hide this ad
More By:
liarose2711
Quiz
Plays
Rating
Category
Featured
Created
NBA 2015/2016 Stats Leaders
1,357
2.75
Sports
Apr 16, 2016
Premier League Top Scorers 2015/2016
863
5.00
Sports
Dec 28, 2015
Hairy Potter Family Tree
634
1.00
Literature
Feb 3, 2015
Friends Word Ladder
282
2.63
Television
Feb 15, 2015
Harry Potter And The Prisoner Of Azkaban Ultimate Quiz
122
3.00
Literature
Jun 8, 2015
Go to Creator's Profile
Score Distribution
Quiz Creator Spotlight
liarose2711
Follow
Send a Message
Quizzes Created
-
Created Quiz Play Count
-
More By This Creator
Popular Quizzes Today
1
Colored Red Africa Blitz
2
Find the 'City' Movie
3
Find the US States - No Outlines Minefield
4
5x2 Blitz: Bands
5
The Countries of the World
6
Find the US States
7
US States
8
Find the Countries of Europe - No Outlines Minefield
More Literature Quizzes
Image Sorting: Harry Potter
Published
Trending Quizzes
Colored Red Europe Blitz I
Colored Red Europe Blitz II
Colored Red Africa Blitz II
Colored Red Europe Blitz III
Colored Red Africa Blitz III
Recently Updated
How Do You Spell That?
pecheneg
Godzilla Movies
pecheneg
Grab Bag: 4-10 Letters
pecheneg
2024 March Madness Bracket
pecheneg
Famous TV Couples
Peacemaker
Champions League XIs: Real Madrid
pecheneg
Largest US Cities 1790-2010
pecheneg
Rides in Walt Disney World
pecheneg
Most Oscar Losses (Acting)
pecheneg
Beyoncé Albums
pecheneg
Trending Topics
Crossword
Kpop
NBA
Anime
Harry Potter
Disney
Marvel
Pokémon
Soccer
WWE
NFL
The Office
Song
Puzzle
Country
Your Account Isn't Verified!
In order to create a playlist on Sporcle, you need to verify the email address you used during registration. Go to your
Sporcle Settings
to finish the process.
Report this User
Report this user for behavior that violates our
Community Guidelines
.
Details:
Send Report
Go to the Sporcle.com Mobile Site →
Comments